| 000 | 005140000a22001930004500 | ||
|---|---|---|---|
| 001 | 001147 | ||
| 003 | MACL | ||
| 005 | 20150903163609.0 | ||
| 008 | 150903b xxu||||| |||| 00| 0 eng d | ||
| 040 |
_aMACL _cMACL |
||
| 041 | _aEnglish | ||
| 082 | _a803/MUK | ||
| 100 |
_aMukherjee, Sujit _97956 |
||
| 245 |
_aA Dictionary of Indian Literature _bOne Beginnings 1̜850 _cSujit Mukherjee |
||
| 260 |
_aNew Delhi _c1998 _bOrient Longman Limited, |
||
| 350 | _a425 | ||
| 650 |
_aLiterature _99006 |
||
| 942 |
_k803 _cBK _2ddc |
||
| 999 |
_c1142 _d1142 |
||